00352nam a2200109Ia 4500008004100000020001800041082001900059100002100078245009700099260003600196300001000232210430s9999 xx 000 0 und d a9780080533827 a622.44 H2331 N aHari Singh Nalwa aHandbook of Surfaces and Interfaces of Materials Vol 4, Five volume set / cHari Singh Nalwa aSan DiegobAcademic Pressc2001 a611p.